Statystyki dla Kluby piłkarskie w Częstochowie

Kliknij tutaj aby rozwiązać quiz!

Ogólne statystyki

  • Ten quiz został rozwiązany 56 razy
  • Średni wynik to 4 z 10

Statystyki odpowiedzi

Ligaklub% Poprawnych
EkstraklasaRaków Częstochowa
100%
1 LigaSkra Częstochowa
91%
4 LigaVictoria Częstochowa
47%
Klasa OkręgowaStradom Częstochowa
43%
3 LigaRaków II Częstochowa
28%
A KlasaAjaks Częstochowa
25%
Klasa OkręgowaOrzeł Kiedrzyn
21%
A KlasaPłomień Częstochowa
17%
Klasa OkręgowaSkra II Częstochowa
17%
B KlasaJurajskie Wilki
4%

Rozkład punktacji

Percentyl według liczby udzielonych odpowiedzi

Procent ludzi z każdym wynikiem

Twoja historia wyników

Nie rozwiązałeś tego quizu